FSA's net widens (Record no. 117967)
[ view plain ]
| 000 -LEADER | |
|---|---|
| fixed length control field | 01223cam a2200253 4500 |
| 001 - CONTROL NUMBER | |
| control field | ABS68270 |
| 008 - FIXED-LENGTH DATA ELEMENTS--GENERAL INFORMATION | |
| fixed length control field | 040907n2004 000 0 eng u |
| 035 ## - SYSTEM CONTROL NUMBER | |
| System control number | (Sirsi) u127286 |
| 100 ## - MAIN ENTRY--PERSONAL NAME | |
| Personal name | Higgins, M. |
| 245 ## - TITLE STATEMENT | |
| Title | FSA's net widens |
| 260 ## - PUBLICATION, DISTRIBUTION, ETC. | |
| Date of publication, distribution, etc. | 2004 |
| 490 ## - SERIES STATEMENT | |
| Series statement | Journal of the Law Society of Scotland |
| Volume/sequential designation | 49(8) August 2004, 64-65(2) |
| 520 ## - SUMMARY, ETC. | |
| Summary, etc. | The Financial Services Authority (FSA) will take responsibility for regulating arrears and repossessions, including mortgage shortfalls from 31 October 2004. Rules governing arrears and repossessions are laid down in the FSA's "Mortgage: conduct of business part 13" which may be viewed online at www.fsa.gov.uk. Discusses the responsibilities of mortgagees in marketing and disposing of a repossessed property including obtaining the best price. |
| 590 ## - LOCAL NOTE (RLIN) | |
| Local note | ABS |
| 590 ## - LOCAL NOTE (RLIN) | |
| Local note | ABS |
| 650 ## - SUBJECT ADDED ENTRY--TOPICAL TERM | |
| Topical term or geographic name entry element | FINANCIAL SERVICES AUTHORITY |
| 650 ## - SUBJECT ADDED ENTRY--TOPICAL TERM | |
| Topical term or geographic name entry element | MORTGAGE REGULATION |
| 650 ## - SUBJECT ADDED ENTRY--TOPICAL TERM | |
| Topical term or geographic name entry element | REPOSSESSIONS |
| 650 ## - SUBJECT ADDED ENTRY--TOPICAL TERM | |
| Topical term or geographic name entry element | MORTGAGE ARREARS |
| 690 ## - LOCAL SUBJECT ADDED ENTRY--TOPICAL TERM (OCLC, RLIN) | |
| Topical term or geographic name as entry element | PROFESSIONAL PRACTICE |
| 856 ## - ELECTRONIC LOCATION AND ACCESS | |
| Uniform Resource Identifier | <a href="https://www.fsa.gov.uk/vhb/html/MCOB/MCOB13.1.html">https://www.fsa.gov.uk/vhb/html/MCOB/MCOB13.1.html</a> |
| Hours access method available | View on the FSA website... |
| 856 ## - ELECTRONIC LOCATION AND ACCESS | |
| Uniform Resource Identifier | <a href="https://www.fsa.gov.uk/vhb/html/MCOB/MCOB13.1.html">https://www.fsa.gov.uk/vhb/html/MCOB/MCOB13.1.html</a> |
| Hours access method available | View on the FSA website... |
| 942 ## - ADDED ENTRY ELEMENTS (KOHA) | |
| Suppress in OPAC | 0 |
| Withdrawn status | Lost status | Source of classification or shelving scheme | Damaged status | Not for loan | Home library | Current library | Shelving location | Date acquired | Total Checkouts | Full call number | Barcode | Date last seen | Copy number | Price effective from | Koha item type |
|---|---|---|---|---|---|---|---|---|---|---|---|---|---|---|---|
| Dewey Decimal Classification | London | London | Journal article | 07/09/2004 | ABS68270 | 127286-1001 | 06/08/2019 | 1 | 06/08/2019 | Journal article |